Ensayos literarios. Uno: aproximaciones

Uloženo v:
Podrobná bibliografie
Hlavní autor: Espinoza Orellana, Manuel (Autor)
Médium: Kniha
Jazyk:španělština
Vydáno: Viña del Mar Altazor 1980
Témata:
Tagy: Přidat tag
Žádné tagy, Buďte první, kdo vytvoří štítek k tomuto záznamu!

MARC

LEADER 00000nam a2200000 a 4500
001 UCQ2764
003 CL-VaPUC
008 980731e19800000CL |||||||||||||||||spa|d
082 0 4 |a Ch861.09  |b ESP  |2 21 
100 0 |a Espinoza Orellana, Manuel  |e author  |9 416825 
245 1 0 |a Ensayos literarios. Uno: aproximaciones 
300 |a 72 p 
942 |c BK 
945 |d 19980731 00:00:00  |a crobeson 
260 |a Viña del Mar  |b Altazor  |c 1980 
650 0 |a Poesía chilena   |9 268403 
650 0 |a Literatura chilena   |9 308278 
650 0 |a Historia y crítica   |9 257407 
583 |a last modification  |c 19980731 00:00:00  |k Rodrigo Vera 
999 |c 273533  |d 273531 
952 |0 0  |1 0  |4 0  |6 CH_861_090000000000000_ESP_1980  |7 0  |8 A  |9 309174  |a BIBEDU  |b BIBEDU  |d 2019-11-20  |i 1449303  |o Ch861.09 ESP 1980  |p 1449303  |r 2019-11-20  |w 2019-11-20  |y BK  |k LIT